000 02411nam0a2200349 4500
001 RU\NLR\BIBL_A\022059178
005 20251118170302.0
010 _a978-5-7237-1509-7
_966
021 _aRU
_bКН-П-23-061397
_9КН-П-23-6217
035 _a(NLR Aleph) 022059178
035 _a(RuMoRGB)012163575
090 _a12622101
_c12622101
100 _a20231025d2021 u y0rusy50 ca
101 0 _arus
102 _aRU
105 _aa j 000yy
181 0 _ai3
_baxxe
182 0 _an
200 1 _aВведение в высокотемпературную электрохимию. Материалы для самостоятельной работы
_eучебное пособие
_eдля студентов очной и заочной форм обучения в рамках профиля Технология электрохимических производств направления подготовки 18.03.01 - Химическая технология
_fВ. И. Журавлев, Ю. Н. Жиркова
_gМинистерство науки и высшего образования Российской Федерации, ФГБОУ ВО "Российский химико-технологический университет имени Д. И. Менделеева", Новомосковский институт (филиал)
203 _aТекст
_bвизуальный
_cнепосредственный
210 _aНовомосковск
_cРоссийский химико-технологический университет имени Д. И. Менделеева, Новомосковский институт (филиал), Издательский центр
_d2021
215 _a122 с.
_cил., табл.
_d20
320 _aБиблиогр.: с. 121-122 (30 назв.)
606 1 _aИонные расплавы
_jУчебные издания для высших учебных заведений
_xЭлектрохимия
_91235667
_3RU\NLR\AUTH\66504326
675 _a544.6(075.8)
_v4
686 1 _aГ576.45я73-1
700 1 _7ca
_8rus
_aЖуравлев
_bВ. И.
_cканд. хим. наук
_gВладимир Иванович
_92686191
_3RU\NLR\AUTH\770286730
701 1 _aЖиркова
_bЮ. Н.
_gЮлия Николаевна
942 _cBOOK
980 _aNB